Effectif du FC Nantes saison 2012/2013 - Statistiques

Statistiques générales
  • Ce quiz a été pris 42 fois
  • Le résultat moyen est 8 sur 23
Statistiques - réponses
Hint Réponse % Correct
Gardien Rémy Riou
79%
Attaquant Filip Djordjevic
61%
Défenseur Papy Djilobodji
61%
Attaquant Serge Gakpé
61%
Milieu Vincent Bessat
61%
Milieu Jordan Veretout
57%
Milieu Lucas Deaux
57%
Gardien Maxime Dupé
54%
Défenseur Olivier Veigneau
54%
Défenseur Issa Cissokho
39%
Milieu Adrien Trebel
32%
Milieu Birama Touré
29%
Gardien Erwin Zelazny
29%
Milieu Fabrice Pancrate
29%
Défenseur Koffi Djidji
29%
Défenseur Gabriel Cichero
21%
Milieu Yohan Eudeline
21%
Défenseur Chaker Alhadur
14%
Défenseur Ahmed Madouni
11%
Attaquant Yongjae Lee
11%
Attaquant Fernando Aristeguita
0%
Milieu Ismaël Keita
0%
Défenseur Karim Djellabi
0%
Aucun quiz correspondant
Distribution des résultats
% des personnes avec chaque résultat
Percentile par nombre de réponses
Votre historique - résultats
Vous n’avez pas pris ce quiz